Remote sensing and image interpretation. / (Record no. 7535)

MARC details
000 -LEADER
fixed length control field 01038nam a22002417a 4500
003 - CONTROL NUMBER IDENTIFIER
control field OSt
005 - DATE AND TIME OF LATEST TRANSACTION
control field 20220317110844.0
008 - FIXED-LENGTH DATA ELEMENTS--GENERAL INFORMATION
fixed length control field 120822t xxu||||| |||| 00| 0 eng d
010 ## - LIBRARY OF CONGRESS CONTROL NUMBER
LC control number 2007028033
020 ## - INTERNATIONAL STANDARD BOOK NUMBER
International Standard Book Number 9780470052457
040 ## - CATALOGING SOURCE
Transcribing agency LC
050 ## - LIBRARY OF CONGRESS CALL NUMBER
Classification number G70.4.L54
100 ## - MAIN ENTRY--PERSONAL NAME
Personal name Lillesand, Thomas M.
245 ## - TITLE STATEMENT
Title Remote sensing and image interpretation. /
Statement of responsibility, etc. Thomas M. Lillesand, Ralph W. Keifer, Jonathan W. Chipman
250 ## - EDITION STATEMENT
Edition statement 6th ed.
260 ## - PUBLICATION, DISTRIBUTION, ETC.
Place of publication, distribution, etc. Nw York:
Name of publisher, distributor, etc. Wiley,
Date of publication, distribution, etc. 2008.
300 ## - PHYSICAL DESCRIPTION
Extent ?? xii, 228 p. :
Other physical details ill. ;
Dimensions 28 cm.
505 ## - FORMATTED CONTENTS NOTE
Formatted contents note Contents: Concepts and foundations of remote sensing -- Elements of photographic systems -- Basic principles of photogrammetry -- Introduction to visual image interpretation -- Multispectral, thermal and hyperspectral sensing -- Earth resource satellites operating in the optical spectrum -- Digital image interpretation and analysis -- Microwave and lidar sensing --
650 ## - SUBJECT ADDED ENTRY--TOPICAL TERM
Topical term or geographic name entry element Remote sensing
700 ## - ADDED ENTRY--PERSONAL NAME
Personal name Keifer, Ralph W.
700 ## - ADDED ENTRY--PERSONAL NAME
Personal name Chipman, Jonathan W.
942 ## - ADDED ENTRY ELEMENTS (KOHA)
Source of classification or shelving scheme Library of Congress Classification
Koha item type Books
Holdings
Withdrawn status Lost status Source of classification or shelving scheme Damaged status Not for loan Home library Current library Shelving location Date acquired Source of acquisition Full call number Barcode Date last seen Price effective from Koha item type
    Library of Congress Classification     WISCONSIN INTERNATIONAL UNIVERSITY COLLEGE, GHANA KUMASI LIBRARY WISCONSIN INTERNATIONAL UNIVERSITY COLLEGE, GHANA KUMASI LIBRARY General Stacks 18/11/2019 STM G70.4.L54(6e) K/2525/2525/19 24/07/2020 24/07/2020 Books

If you have any concerns or questions; kindly contact the library


© Powered by WIUC ICT DIRECTORATE